000 00710nam a2200277Ia 4500
005 20260324121707.0
008 008 260324s9999 xx 000 0 eng d
020 _a9780203796801
037 _aEBOOK
040 _aCRL
040 _beng
040 _cCRL
041 _2eng
041 _aeng
084 _qCRL
100 _aDu Runsheng; China Development Research Foundation
_91163503
245 0 _aChinese Economists on Economic Reform - Collected Works of Du Runsheng
260 _bTaylor and Francis
260 _c2013
365 _a
365 _b160
856 _uhttp://www.taylorfrancis.com/books/9780203796801
942 _cEBOOK
999 _c1755775
_d1755775